000
00332 a2200157 4500
001
59475
020
_a
040
_c
Anchieta - Pituba
100
_a
Yolen, Maria
240
1
0
_a
The haunted river
_l
Ing
245
1
0
_a
The haunted river
300
_a
22
362
0
_a
1988
650
4
_a
Literatura juvenil em inglês
942
_c
BK
999
_c
59475
_d
59475